000 00208nam a2200097Ia 4500
008 190216s9999||||xx |||||||||||||| ||und||
100 _aRajan A D
245 0 _aOnnumallatha Onnu
260 _bNull
942 _cBK
999 _c24314
_d24314